| 000 | 00458nam a22001937a 4500 | ||
|---|---|---|---|
| 003 | MPLRDC | ||
| 005 | 20220104143340.0 | ||
| 008 | 210129b ||||| |||| 00| 0 eng d | ||
| 020 | _a7-80553-885-9 | ||
| 082 | _a910.1 MS | ||
| 100 | _a莫斯 | ||
| 245 |
_a如歌流浪 _c |
||
| 250 | _a一版一刷 | ||
| 260 |
_a _b上海音乐出版社 _c2000 |
||
| 300 | _b平 | ||
| 490 | _a音乐爱好者丛书 | ||
| 650 | _a音乐泛论 | ||
| 942 |
_cBK _o910.1 MS |
||
| 999 |
_c39051 _d39041 |
||